Cargando...

Advances in plant physiology: An international treatise series

Detalles Bibliográficos
Autor Principal: Hemantaranjan A
Formato: Printed Book
Publicado: Scientific publishers 2012
Subjects:
LEADER 00541nam a22001337a 4500
020 |a 9788172337988 
082 |a 571.2  |b HEM.A.13 
100 |a Hemantaranjan A 
245 |a Advances in plant physiology: An international treatise series 
260 |b Scientific publishers  |c 2012 
650 |a Plant physiology  |a Nutrio physiology  |a Environmental stresses  |a Plant growth regulators 
942 |c BK 
999 |c 1380  |d 1380 
952 |0 0  |1 0  |4 0  |6 571_200000000000000_HEM_A_13  |7 0  |8 NFIC  |9 1376  |a CAMPUS  |b CAMPUS  |d 2015-01-09  |l 0  |o 571.2 HEM.A.13  |p 16522  |r 2015-01-09  |w 2015-01-09  |y BK